Champions League Winners By Year - Statistics

General Stats
  • This quiz has been taken 241 times
    226 since last reset
  • The average score is 40 of 70
Answer Stats
Year Winner % Correct
2025 PSG
98%
2024 Real Madrid
98%
2023 Manchester City
97%
2020 Bayern Munich
96%
2021 Chelsea
96%
2022 Real Madrid
96%
2015 Barcelona
95%
2018 Real Madrid
95%
2017 Real Madrid
95%
2014 Real Madrid
95%
2016 Real Madrid
94%
2013 Bayern Munich
93%
2019 Liverpool
92%
2011 Barcelona
91%
2010 Inter Milan
91%
2009 Barcelona
90%
2008 Manchester United
90%
2012 Chelsea
89%
2006 Barcelona
87%
2007 AC Milan
84%
2005 Liverpool
81%
2002 Real Madrid
81%
2004 Porto
80%
2003 AC Milan
77%
2000 Real Madrid
74%
2001 Bayern Munich
64%
1999 Manchester United
64%
1998 Real Madrid
59%
1997 Dortmund
58%
1996 Juventus
57%
1960 Real Madrid
54%
1958 Real Madrid
54%
1956 Real Madrid
54%
1957 Real Madrid
53%
1959 Real Madrid
52%
1995 Ajax
51%
1993 Marseille
50%
1994 AC Milan
47%
1992 Barcelona
47%
1961 Benfica
45%
1962 Benfica
44%
1979 Nottingham Forest
40%
1980 Nottingham Forest
38%
1990 AC Milan
37%
1976 Bayern
36%
1971 Ajax
35%
1975 Bayern
35%
1973 Ajax
34%
1967 Celtic
33%
1972 Ajax
32%
1966 Real Madrid
32%
1989 AC Milan
31%
1974 Bayern
31%
1978 Liverpool
31%
1977 Liverpool
31%
1981 Liverpool
30%
1963 AC Milan
29%
1988 PSV
29%
1991 Red Star Belgrade
28%
1983 Hamburger SV
27%
1965 Inter Milan
27%
1964 Inter Milan
27%
1984 Liverpool
27%
1982 Aston Villa
26%
1968 Manchester United
26%
1970 Feyenoord
25%
1985 Juventus
25%
1987 Porto
22%
1969 AC Milan
20%
1986 Steaua Bucuresti
12%
No matching quizzes found
Score Distribution
Percent of People with Each Score
Percentile by Number Answered
Your Score History
You have not taken this quiz since the last reset